| 000 | 00000nam##2200000za#4500 |
| 001 | 9.641954 |
| 003 | CaOODSP |
| 005 | 20241128084218 |
| 007 | cr ||||||||||| |
| 008 | 150407|1956||||xxc|||||o f|0| 0 fre|d |
| 040 | |aCaOODSP|bfre |
| 043 | |an-cn--- |
| 086 | 1 |aA43-872/1956F-PDF |
| 110 | 1 |aCanada. |bService des fermes expérimentales. |
| 245 | 10|aL'alimentation des agneaux de marché / |h[ressource électronique]|cpar S.B. Williams, Division de la zootechnie, Ferme expérimentale centrale. |
| 260 | |aOttawa - Ontario : |bAgriculture Canada. |c1956 (impression de février 1963). |
| 300 | |a12p.|bfigure, photographies |
| 500 | |aPublication historique numérisée par Agriculture et Agroalimentaire Canada. |
| 590 | |a13-17-Supp|b2013-07-25 |
| 691 | 07|aAlimentation animale|2gcpds |
| 691 | 07|aÉlevage|2gcpds |
| 691 | 07|aMouton|2gcpds |
| 775 | 08|tFeeding for market lamb production |w(CaOODSP)9.697791 |
| 856 | 40|ahttp://publications.gc.ca|qPDF|s1.22 Mo|uhttps://publications.gc.ca/collections/collection_2013/aac-aafc/agrhist/A43-872-1956-fra.pdf |
| 986 | |a872 |